000 00620nam a2200133Ia 4500
008 171212s9999 xx 000 0 und d
020 _a9780833047540
100 _aElliott, Mai
245 _cElliott, Mai
_aRAND in Southeast Asia
_bA History of the Vietnam War Era
260 _bRAND Corporation
_c2010
650 _aHistory
650 _aRand Corporation -- Influence; Vietnam War, 1961-1975 -- Research -- United States -- History; Counterinsurgency -- Research -- United States -- History -- 20th century; Military planning -- United States -- History -- 20th century
856 _uwww.jstor.org/stable/10.7249/cp564rc
999 _c352461
_d352461